00808nam a2200217Ia 4500001009100000002014600091008003700237010001100274090001900285100003000304530002200334650002600356650003200382650002900414650002600443650002600469700003000495901001100525942003500536999001900571IA_5341,18/02/2014,18/02/2014,5232272013 mx amnl8222223322spa16,"2013 Dirección: J. Joel E. Corrales García Asesoría: Ma. Teresa Beryl Colinas de León y Ma. Carmen Ybarra Moncada Disponible en CD.220117s xx 000 0 und d a184990 aTesis Q57 2013 aQuiroz González9158358 aDisponible en PDF aCold injury 9148888 aLesión por frio 9148889 aRefrigeración 995611 aRefrigeration9146930 aStenocereus 9109642 aCorrales García9155777 aasesor cdir. \ Beryl Colinas de León c184990d184990